Deuteronómium kapitoly 1-11
| Médium: | Článok |
|---|---|
| Jazyk: | slovenčina |
| Fyzický popis: | Bibliogr. odkazy |
| ISSN: | 0032-6984 |
| Predmet: |
MARC
| LEADER | 00000nab a2200000 ar4500 | ||
|---|---|---|---|
| 001 | vtls008631891 | ||
| 003 | SK-MaSNL | ||
| 005 | 20260303071628.0 | ||
| 008 | 060316c2004 xo mr|p|||||||000 b|slo | ||
| 015 | |a SNBRB2006/03 | ||
| 038 | |a SNKBUCL | ||
| 040 | |a SNKBUCL |b slo |e AACR2 |c SNKBUCL | ||
| 041 | 0 | |a slo | |
| 044 | |a xo |c SK | ||
| 080 | |a 222.15 |2 1997 | ||
| 245 | 0 | 0 | |a Deuteronómium |b kapitoly 1-11 |
| 300 | |b Bibliogr. odkazy | ||
| 630 | 0 | 7 | |a Biblia |p Deuteronómium I-XI |2 snkbucl |9 165870 |
| 773 | 0 | |t Sväté Písmo pre každého |g Roč. IV, č. 10-11 (2004), s. 3-25 |x 0032-6984 | |
| 852 | |a SNK |b KIS3GCP | ||
| 958 | |a NB | ||
| 958 | |a NT | ||
| 999 | |c 1760833 |d 1762763 | ||


